Movies Quiz

Random Movies or Blitz Quiz

Blitz: Name a One-Word Movie That... Quiz Stats

 Plays Quiz Updated Nov 7, 2012

Challenge
Share
Tweet
Embed
Score 0/20 Timer 03:00
4 Plays Today
Clue Movie % Correct
...was made by Pixar [4]Cars...
89.8%
...was directed by James Cameron [3]Aliens...
86.4%
...features James Bond [6]Goldfinger...
85.3%
...rhymes with 'Schmargo' [2]Fargo...
76%
...begins with 'Z' and was released after 2000 [6]Zodiac...
57.7%
...won Best Picture and is the name of a city [2]Chicago...
53.8%
...is one of the Top 100 grossers in the US and wasn't made by Cameron or Pixar [11]Shrek...
52.6%
...was directed by Steven Spielberg [7]Munich...
47.6%
...is about the Vietnam War [5] Tigerland...
47.5%
...stars Jennifer Lopez [6]Gigli...
44.5%
Clue Movie % Correct
...is about American football [9]Leatherheads...
43.2%
...was nominated for Best Picture in the 70s/80s but didn't win [15]Reds...
42.7%
...was directed by Alfred Hitchcock and is in color [5]Frenzy...
42.1%
...stars Elizabeth Taylor [6]Giant...
36.2%
...was directed by Woody Allen [9]Bananas...
34.4%
...was released in 2010 [29]Salt...
25.4%
...won Best Picture between 1945 and 1970 [6]Gigi...
23.6%
...starred Bruce Willis and was released from 2000-2009 [5]Unbreakable...
17.8%
...was directed by Stanley Kubrick [2]Spartacus...
13.3%
...stars Cary Grant [9]Charade...
10.7%

You're not logged in!

Compare scores with friends on all Sporcle quizzes.
Join for Free
OR
Log In

You Might Also Like...

Show Comments

Extras

Top Quizzes Today


Score Distribution

Your Account Isn't Verified!

In order to create a playlist on Sporcle, you need to verify the email address you used during registration. Go to your Sporcle Settings to finish the process.

Report this User

Report this user for behavior that violates our Community Guidelines.

Details: